[Event "Las Americas Team op U2400 Hybrid"]
[Site "Internet"]
[Date "2022.05.14"]
[Round "4.5"]
[White "Villagomez Martinez, Luis Angel"]
[Black "Leon De Canha, Yasahev Isaac"]
[Result "0-1"]
[WhiteElo "1368"]
[BlackElo "1309"]
[PlyCount "156"]
[EventDate "2022.05.14"]
[EventType "team-swiss"]
[EventRounds "5"]
[EventCountry "VEN"]
[SourceTitle "EXT 2023"]
[Source "ChessBase"]
[SourceDate "2022.10.05"]
[SourceVersion "1"]
[SourceVersionDate "2022.10.05"]
[SourceQuality "1"]

1. e4 e5 2. Nf3 Nc6 3. Bc4 Bc5 4. b4 Bb6 5. 0-0 Nf6 6. b5 Ne7 7. Nxe5 0-0 8. Nf3 Nxe4 9. d3 Nf6 10. Bg5 Ng6 11. Nc3 c6 12. bxc6 bxc6 13. Bb3 d5 14. h3 Qd6 15. Ne2 h6 16. Bd2 Nh5 17. d4 Ba6 18. Re1 Bxe2 19. Rxe2 Nhf4 20. Bxf4 Nxf4 21. Re3 Qg6 22. Ne1 Rfe8 23. Kh2 Bc7 24. Kh1 Qf5 25. Qf3 Qd7 26. c3 Qd6 27. Kg1 Re6 28. Nc2 Rae8 29. Rae1 Nd3 30. Rd1 Qh2+ 31. Kf1 Nf4 32. g4 Rxe3 33. Nxe3 Qxh3+ 34. Qxh3 Nxh3 35. c4 Bf4 36. Nc2 dxc4 37. Bxc4 Ng5 38. Nb4 Ne4 39. Bd3 c5 40. dxc5 Nxc5 41. Bb5 Rb8 42. Nd3 Rxb5 43. Nxf4 Rb4 44. Rd8+ Kh7 45. Rd5 Rxf4 46. Rxc5 Ra4 47. Rf5 Kg6 48. f4 Rxa2 49. Rd5 a5 50. Rd6+ Kh7 51. Rd7 f6 52. Rd4 Rb2 53. Rd3 Rb4 54. Rf3 a4 55. Ke1 Rb3 56. Rf2 a3 57. Ra2 Rb1+ 58. Kd2 Rb2+ 59. Rxb2 axb2 60. Kc2 Kg6 61. Kxb2 f5 62. gxf5+ Kxf5 63. Kc3 Kxf4 64. Kd2 Kf3 65. Ke1 Kg2 66. Ke2 h5 67. Ke3 h4 68. Kf4 h3 69. Kg5 h2 70. Kg6 h1Q 71. Kxg7 Qf1 72. Kh6 Qf5 73. Kg7 Kg3 74. Kh8 Qg5 75. Kh7 Kf4 76. Kh8 Kf5 77. Kh7 Kf6 78. Kh8 Qg7# 0-1

[Event "Las Americas Team op U2400 Hybrid"]
[Site "Internet"]
[Date "2022.05.14"]
[Round "2.8"]
[White "Villagomez Martinez, Luis Angel"]
[Black "Valencia Quispe, Fausto Ricardo"]
[Result "1-0"]
[WhiteElo "1368"]
[BlackElo "1304"]
[PlyCount "89"]
[EventDate "2022.05.14"]
[EventType "team-swiss"]
[EventRounds "5"]
[EventCountry "VEN"]
[SourceTitle "EXT 2023"]
[Source "ChessBase"]
[SourceDate "2022.10.05"]
[SourceVersion "1"]
[SourceVersionDate "2022.10.05"]
[SourceQuality "1"]

1. e4 c5 2. Nf3 d6 3. d4 cxd4 4. Nxd4 Nf6 5. Nc3 a6 6. f3 e6 7. Be3 Be7 8. Qd2 0-0 9. 0-0-0 Qc7 10. g4 Nc6 11. Nxc6 bxc6 12. g5 Nd7 13. h4 Bb7 14. h5 Rad8 15. g6 Nf6 16. h6 fxg6 17. hxg7 Rf7 18. Bg5 d5 19. exd5 Nxd5 20. Bxe7 Qxe7 21. Ne4 Rxf3 22. c4 Rf4 23. Bg2 Qf7 24. cxd5 cxd5 25. Kb1 Qf5 26. Ka1 d4 27. Nf6+ Qxf6 28. Bxb7 Rf2 29. Qh6 Qxg7 30. Qxg7+ Kxg7 31. Bxa6 e5 32. Rhe1 Re8 33. Rxd4 Rb8 34. Rd7+ Kf6 35. b3 Ra8 36. Rd6+ Kf5 37. Bd3+ Kg4 38. Bb1 Ra5 39. Re6 g5 40. R6xe5 Ra7 41. Rg1+ Kh4 42. Rexg5 h6 43. Rg6 h5 44. Rh1+ Rh2 45. Rxh2# 1-0